Cẩm nang kiều bào 2012
Nội dung sách cung cấp các thông tin cập nhật hữu ích mà kiều bào có thể sẽ cần biết khi về thăm, làm ăn, sinh sống tại quê nhà. Trước hết nhắm đến phục vụ kiều bào và thân nhân, bạn bè của họ....
Uloženo v:
| Médium: | Kniha |
|---|---|
| Jazyk: | Vietnamese |
| Vydáno: |
Thành phố Hồ Chí Minh
Tổng hợp
2011
|
| Témata: | |
| Tagy: |
Přidat tag
Žádné tagy, Buďte první, kdo otaguje tento záznam!
|
| Thư viện lưu trữ: | Thư viện Trường Đại học Nam Cần Thơ |
|---|
| LEADER | 00984nam a22001817a 4500 | ||
|---|---|---|---|
| 001 | NCT_150400 | ||
| 008 | 230601b xxu||||| |||| 00| 0 vie d | ||
| 999 | |c 7769 |d 7769 | ||
| 020 | |c 30000 | ||
| 082 | 0 | 4 | |2 23rd ed. |a 915.97 |b C102N |
| 245 | 0 | 0 | |a Cẩm nang kiều bào 2012 |c Saigon Times Books |
| 260 | |a Thành phố Hồ Chí Minh |b Tổng hợp |c 2011 | ||
| 300 | |a 239 tr. |b minh họa |c 20cm | ||
| 520 | 3 | |a Nội dung sách cung cấp các thông tin cập nhật hữu ích mà kiều bào có thể sẽ cần biết khi về thăm, làm ăn, sinh sống tại quê nhà. Trước hết nhắm đến phục vụ kiều bào và thân nhân, bạn bè của họ. | |
| 653 | |a Tham khảo | ||
| 942 | |2 ddc |c BK | ||
| 952 | |0 0 |1 0 |2 ddc |4 0 |6 915_970000000000000_C102N |7 0 |9 27752 |a 000001 |b 000001 |d 2023-06-01 |o 915.97 C102N |p TK.03395 |r 2023-06-01 |v 30000.00 |w 2023-06-01 |y BK | ||
| 980 | |a Thư viện Trường Đại học Nam Cần Thơ | ||